LIBRARY & INFORMATION CENTRE, KCAET, TAVANUR

ONLINE PUBLIC ACCESS CATALOGUE (OPAC)

Kesava Dev kal nootandinu munpu / (Record no. 1149)

MARC details
000 -LEADER
fixed length control field 00414cam a2200169ua 4500
041 ## - LANGUAGE CODE
Language code of text/sound track or separate title mal
082 ## - DEWEY DECIMAL CLASSIFICATION NUMBER
Classification number 894.8124
Item number KES/KE
100 ## - MAIN ENTRY--AUTHOR NAME
Personal name Kesava Dev, P .
245 ## - TITLE STATEMENT
Title Kesava Dev kal nootandinu munpu /
260 ## - PUBLICATION, DISTRIBUTION, ETC. (IMPRINT)
Place of publication :
Name of publisher Manjusha publications ,
Year of publication 1969.
300 ## - PHYSICAL DESCRIPTION
Number of Pages 274 ; .
942 ## - ADDED ENTRY ELEMENTS (KOHA)
Koha item type Books
Holdings
Withdrawn status Lost status Damaged status Home library Current library Date acquired Full call number Accession Number Koha item type
      KAUAET KAUAET 07/04/2012 894.8124 12794 Books
free website counter